Introducción al estudio de los insectos de Chile
Kaydedildi:
| Yazar: | |
|---|---|
| Materyal Türü: | Kitap |
| Dil: | İspanyolca |
| Baskı/Yayın Bilgisi: |
Santiago, Chile
Universitaria
2006
|
| Edisyon: | Séptima edición |
| Konular: | |
| Etiketler: |
Etiketle
Etiket eklenmemiş, İlk siz ekleyin!
|
MARC
| LEADER | 00000nam a2200000 a 4500 | ||
|---|---|---|---|
| 001 | UCI2868 | ||
| 003 | CL-VaPUC | ||
| 005 | 20211028074330.0 | ||
| 008 | 070928e20060000CL |||||||||||||||||spa|d | ||
| 999 | |c 327282 |d 327280 | ||
| 020 | |a 9561118645 | ||
| 040 | |c Pontificia Universidad Católica de Valparaíso | ||
| 082 | 0 | 4 | |a 595.70983 PEÑ 2006 |2 21 |
| 100 | 0 | |a Peña G., Luis E |9 524063 | |
| 245 | 1 | 0 | |a Introducción al estudio de los insectos de Chile |
| 250 | |a Séptima edición | ||
| 260 | 0 | 3 | |a Santiago, Chile |b Universitaria |c 2006 |
| 300 | |a 253 páginas | ||
| 583 | |a last modification |c 20070928 00:00:00 |k Rodrigo Vera | ||
| 650 | 0 | |a Entomología |9 269835 | |
| 650 | 0 | |a Insectos |9 264174 | |
| 650 | 7 | |a CLASIFICACION |2 CL-VaPUC |9 269795 | |
| 650 | 0 | |a Distribución geográfica |9 260005 | |
| 650 | 7 | |a BIOGEOGRAFIA |2 CL-VaPUC |9 347934 | |
| 942 | |c BK |2 ddc | ||
| 945 | |d 20070928 00:00:00 |a jtorresc | ||
| 952 | |0 0 |1 0 |2 ddc |4 0 |6 595_709830000000000_PEÑ_2006 |7 0 |8 A |9 409904 |a BIBCUR |b BIBCUR |d 2019-11-22 |i 437097K |l 5 |m 5 |o 595.70983 PEÑ 2006 |p 437097K |r 2025-04-22 |s 2024-10-03 |t 1 |w 2019-11-22 |y BK |k BIO | ||